Agents cash in on peace dividend (Record no. 67084)

MARC details
000 -LEADER
fixed length control field 01508cam a2200289 4500
001 - CONTROL NUMBER
control field ABS63955
008 - FIXED-LENGTH DATA ELEMENTS--GENERAL INFORMATION
fixed length control field 000000n2001 000 0 eng u
035 ## - SYSTEM CONTROL NUMBER
System control number (Sirsi) u112692
100 ## - MAIN ENTRY--PERSONAL NAME
Personal name Ellison, W.
245 ## - TITLE STATEMENT
Title Agents cash in on peace dividend
260 ## - PUBLICATION, DISTRIBUTION, ETC.
Date of publication, distribution, etc. 2001
490 ## - SERIES STATEMENT
Series statement Estates Gazette
Volume/sequential designation (0119) 12 May 2001, 124-125(2)
520 ## - SUMMARY, ETC.
Summary, etc. Focusing on Ireland, discusses the issues that need to be considered by agents looking to expand their business into new geographical areas. With the rapid growth of Dublin in recent years, businesses looking to establish a base in Ireland are starting to consider other cities such as Belfast. Notes that Irish property agents can often refer clients to their Belfast office. Discusses the pros and cons, and attitudes of a number of Irish property agents, to the development of associations with global, preferably UK-based, agents. Some are of the opinion that associations can boost business by bringing in new clients from around the world. Others believe such links only benefit the UK partner, and are of little value to the Irish agent.
590 ## - LOCAL NOTE (RLIN)
Local note ABS
650 ## - SUBJECT ADDED ENTRY--TOPICAL TERM
Topical term or geographic name entry element IRELAND
650 ## - SUBJECT ADDED ENTRY--TOPICAL TERM
Topical term or geographic name entry element COMMERCIAL AGENCY ASSOCIATIONS
650 ## - SUBJECT ADDED ENTRY--TOPICAL TERM
Topical term or geographic name entry element DUBLIN
650 ## - SUBJECT ADDED ENTRY--TOPICAL TERM
Topical term or geographic name entry element BELFAST
650 ## - SUBJECT ADDED ENTRY--TOPICAL TERM
Topical term or geographic name entry element PROPERTY-COMMERCIAL PROPERTY
650 ## - SUBJECT ADDED ENTRY--TOPICAL TERM
Topical term or geographic name entry element NORTHERN IRELAND
650 ## - SUBJECT ADDED ENTRY--TOPICAL TERM
Topical term or geographic name entry element REPUBLIC OF IRELAND
650 ## - SUBJECT ADDED ENTRY--TOPICAL TERM
Topical term or geographic name entry element BUSINESS EXPANSION SCHEMES
650 ## - SUBJECT ADDED ENTRY--TOPICAL TERM
Topical term or geographic name entry element GLOBAL MARKET
650 ## - SUBJECT ADDED ENTRY--TOPICAL TERM
Topical term or geographic name entry element PARTNERSHIPS
690 ## - LOCAL SUBJECT ADDED ENTRY--TOPICAL TERM (OCLC, RLIN)
Topical term or geographic name as entry element MANAGEMENT-BUSINESS MANAGEMENT
942 ## - ADDED ENTRY ELEMENTS (KOHA)
Suppress in OPAC 0
Holdings
Withdrawn status Lost status Source of classification or shelving scheme Damaged status Not for loan Home library Current library Shelving location Date acquired Total Checkouts Full call number Barcode Date last seen Copy number Price effective from Koha item type
    Dewey Decimal Classification     London London Journal article 21/05/2001   ABS63955 112692-1001 06/08/2019 1 06/08/2019 Journal article